banner-ar

عربة الصلصال الصغيرة / (Record no. 51746)

MARC details
000 -الفاتح
حقل البيانات ثابتة الطول 00584nam a2200181Ia 4500
008 - عناصر البيانات ثابتة الطول - معلومات عامة
حقل البيانات ثابتة الطول 140319s9999 xx 000 0 ara d
040 ## - مصدر الفهرسة
وكالة الفهرسة الأصلية GCL /
وكالة النسخ GCL
082 04 - رقم تصنيف ديوى العشرى
رقم التصنيف 891.2
رقم المادة س ع
100 1# - المدخل الرئيسى - إسم شخصى
الإسم الشخصى فاروق عبدالمعطى
245 10 - بيان العنوان
العنوان عربة الصلصال الصغيرة /
بيان المسئوليه,etc فاروق عبدالمعطى
300 ## - الوصف المادى
التعداد 275 ص
490 ## - بيان السلسلة
عنوان السلسلة مسرحيات عالمية
رقم المجلد/ التعيين التسلسلي 0
650 04 - المدخل الاضافى بالموضوع-مصطلح موضوعى
مصطلح موضوعي الادب العالمى المترجم
650 04 - المدخل الاضافى بالموضوع-مصطلح موضوعى
مصطلح موضوعي المسرحيات العالمية المترجمة
650 04 - المدخل الاضافى بالموضوع-مصطلح موضوعى
مصطلح موضوعي الادب السنسكريتى
942 ## - عناصر المدخل الإضافي( كوها)
مصدر التصنيف او مخطط الترفيف Dewey Decimal Classification
Koha [default] item type كتاب
Holdings
حالة التراجع حالة الفقد حالة تلف ليس للاعارة المكان المؤقت الموقع الحالى تاريخ الاكتساب اجمالي اﻻعارات رقم الطلب الباركود تاريخ اخر مشاهدة تاريخ تفعيل السعر نوع وعاء كوها
        مكتبة القاهرة الكبرى مكتبة القاهرة الكبرى 03/26/2014   891.2\س ع 123798 03/26/2014 03/26/2014 كتاب

Powered By

EGPV